Mammalian ectoenzymes /

Bibliographic Details
Other Authors: Kenny, A. J. (A. John), Turner, A. J. (Anthony John), 1947-
Format: Book
Language:English
Published: Amsterdam ; New York : Elsevier ; 1987.
Series:Research monographs in cell and tissue physiology ; v. 14.
Subjects:

MARC

Tag First Indicator Second Indicator Subfields
LEADER 00000cam a2200000 a 4500
001 in00000014201
005 20160203152321.0
008 870813s1987 ne a b 00100 eng d
010 |a  87024320  
020 |a 0444808892 (U.S.) 
035 |a (OCoLC)16581972 
035 |9 AAA6562AM 
040 |a DNLM/DLC  |c DLC  |d TXA  |d UtOrBLW 
049 |a TXAM  |c [A11047151] 
050 0 0 |a QP601.6  |b .M36 1987 
060 0 |a W1 RE232GL v. 14  |a QU 55 M265 
082 0 |a 599/.019/25  |2 19 
245 0 0 |a Mammalian ectoenzymes /  |c editors, A.J. Kenny and A.J. Turner. 
264 1 |a Amsterdam ;  |a New York :  |b Elsevier ;  |c 1987. 
264 2 |a New York, NY, USA :  |b Sole distributors for the USA and Canada, Elsevier Science Pub. Co., 
300 |a xvii, 359 pages :  |b illustrations ;  |c 25 cm. 
336 |a text  |b txt  |2 rdacontent 
337 |a unmediated  |b n  |2 rdamedia 
338 |a volume  |b nc  |2 rdacarrier 
490 1 |a Research monographs in cell and tissue physiology ;  |v v. 14 
504 |a Includes bibliographies and index. 
650 0 |a Extracellular enzymes. 
650 0 |a Cell membranes. 
650 0 |a Membrane proteins. 
700 1 |a Kenny, A. J.  |q (A. John) 
700 1 |a Turner, A. J.  |q (Anthony John),  |d 1947- 
830 0 |a Research monographs in cell and tissue physiology ;  |v v. 14. 
999 |a MARS 
999 f f |s da83ec68-1612-3903-bb8c-6314dc22c459  |i 0fd512fe-541f-37fb-b543-c5cd030fe54d  |t 0 
952 f f |p ric  |a Texas A&M University  |b Rellis Campus  |c Joint Library Facility  |d Remote Storage  |t 0  |e QP601.6 .M36 1987  |h Library of Congress classification  |i unmediated -- volume  |m A14811047151 
998 f f |a QP601.6 .M36 1987  |t 0  |l Remote Storage